A Duke in the Night / (Record no. 170640)
[ view plain ]
| 000 -LEADER | |
|---|---|
| fixed length control field | 01204nam a22003257i 4500 |
| 005 - DATE AND TIME OF LATEST TRANSACTION | |
| control field | 20190122143445.0 |
| 008 - FIXED-LENGTH DATA ELEMENTS--GENERAL INFORMATION | |
| fixed length control field | 181223t20182018nyu |||e |||| 00| 0deng d |
| 020 ## - INTERNATIONAL STANDARD BOOK NUMBER | |
| International Standard Book Number | 9781478918561 |
| Terms of availability | RM39.90 |
| Qualifying information | paperback |
| 040 ## - CATALOGING SOURCE | |
| Original cataloging agency | PPAK |
| Language of cataloging | eng |
| Transcribing agency | PPAK |
| Description conventions | rda |
| 082 04 - DEWEY DECIMAL CLASSIFICATION NUMBER | |
| Classification number | 823 |
| Edition number | 23 |
| 090 00 - LOCALLY ASSIGNED LC-TYPE CALL NUMBER (OCLC); LOCAL CALL NUMBER (RLIN) | |
| Classification number (OCLC) (R) ; Classification number, CALL (RLIN) (NR) | 823 |
| Feature heading | BOW |
| Feature heading | G |
| 100 1# - MAIN ENTRY--PERSONAL NAME | |
| Personal name | Bowen, Kelly, |
| Relator term | author. |
| 245 10 - TITLE STATEMENT | |
| Title | A Duke in the Night / |
| Statement of responsibility, etc. | KELLY BOWEN ; Editor: Alex Logan |
| 250 ## - EDITION STATEMENT | |
| Edition statement | First Edition |
| 264 #1 - PRODUCTION, PUBLICATION, DISTRIBUTION, MANUFACTURE, AND COPYRIGHT NOTICE | |
| Place of production, publication, distribution, manufacture | New York : |
| Name of producer, publisher, distributor, manufacturer | Forever, Hachette Book Group, |
| Date of production, publication, distribution, manufacture, or copyright notice | 2018 |
| Date of production, publication, distribution, manufacture, or copyright notice | ©2018 |
| 300 ## - PHYSICAL DESCRIPTION | |
| Extent | 317 pages ; |
| Dimensions | 18 cm |
| 336 ## - CONTENT TYPE | |
| Source | rdacontent |
| Content type term | text |
| 337 ## - MEDIA TYPE | |
| Source | rdamedia |
| Media type term | unmediated |
| 338 ## - CARRIER TYPE | |
| Source | rdacarrier |
| Carrier type term | volume |
| 490 ## - SERIES STATEMENT | |
| Series statement | THE DEVILS OF DOVER SERIES |
| 520 ## - SUMMARY, ETC. | |
| Summary, etc. | When disreputable duke and businessman August Faulkner comes back into her life, headmistress Clara Hayward is tempted to pick up where they left off ten years ago, despite worrying that he aims to take over her family's business. |
| 650 10 - SUBJECT ADDED ENTRY--TOPICAL TERM | |
| Topical term or geographic name entry element | English fiction |
| Topical term or geographic name entry element | Women school principals |
| Form subdivision | Fiction |
| Topical term or geographic name entry element | Nobility |
| Form subdivision | Fiction |
| Topical term or geographic name entry element | Man-woman relationships |
| Form subdivision | Fiction |
| 700 1# - ADDED ENTRY--PERSONAL NAME | |
| Personal name | Logan, Alex, |
| Relator term | editor. |
| 830 #0 - SERIES ADDED ENTRY--UNIFORM TITLE | |
| Uniform title | The Devils of Dover series |
| 942 ## - ADDED ENTRY ELEMENTS (KOHA) | |
| Source of classification or shelving scheme | Dewey Decimal Classification |
| Koha item type | Book |
| Withdrawn | Not for loan | Current library | Shelving location | Date acquired | Full call number | Barcode | Date last seen | Koha item type | Total Checkouts | Date last checked out | Total Renewals |
|---|---|---|---|---|---|---|---|---|---|---|---|
| Perpustakaan Alor Setar | Pinjaman Dewasa | 22/01/2019 | 823 BOW | A01591839 | 22/01/2019 | Book | |||||
| Perpustakaan Alor Setar | Pinjaman Dewasa | 22/01/2019 | 823 BOW | A01591840 | 08/09/2019 | Book | 2 | 21/08/2019 | |||
| Perpustakaan Awam Sungai Petani | Pinjaman Dewasa | 22/01/2019 | 823 BOW | A01591841 | 12/10/2020 | Book | 3 | 21/09/2020 | 2 | ||
| Perpustakaan Jitra | Pinjaman Dewasa | 22/01/2019 | 823 BOW | A01591842 | 22/01/2019 | Book | |||||
| Perpustakaan Kulim | Pinjaman Dewasa | 22/01/2019 | 823 BOW | A01591844 | 19/10/2024 | Book | 2 | 05/10/2024 | |||
| Perpustakaan Langkawi | Pinjaman Dewasa | 22/01/2019 | 823 BOW | A01591843 | 01/08/2019 | Book | 1 | 20/06/2019 | 1 |